Nho giáo Trung Quốc

Na minha lista:
Detalhes bibliográficos
Autor principal: Nguyễn, Tôn Nhan
Formato: Livro
Idioma:Vietnamese
Publicado em: H. Văn hóa thông tin 2005
Assuntos:
Tags: Adicionar Tag
Sem tags, seja o primeiro a adicionar uma tag!
Thư viện lưu trữ: Mạng thư viện Đại học Đà Nẵng
LEADER 00954nam a2200313 4500
001 000013885
003 10232
005 20120326090336.0
008 120326s2005 viesd
020 |c 280000đ 
041 0 |a vie 
082 |a 181.11  |b NG-N 
100 0 |a Nguyễn, Tôn Nhan 
245 0 |a Nho giáo Trung Quốc  |c Nguyễn Tôn Nhan 
260 |a H.  |b Văn hóa thông tin  |c 2005 
300 |a 1613 tr.  |c 24 cm 
653 |a Nho giáo 
653 |a Trung Quốc 
910 |a duyên 
OWN |a LSP 
AVA |a UDN50  |b LSP  |d 181.11 NG-N  |e available  |t Error 5001 Not defined in file expand_doc_bib_avail.  |f 1  |g 0  |h N  |i 0  |k 1 
999 |a From the UDN01 
AVA |a UDN50  |b LSP  |d 181.11 NG-N  |e available  |t Error 5001 Not defined in file expand_doc_bib_avail.  |f 1  |g 0  |h N  |i 0  |k 1 
TYP |a Monograph 
TYP |a Printed language 
980 |a Mạng thư viện Đại học Đà Nẵng